Figure out the 80s Soundtrack Lyrics 2 Quiz Stats

 Plays Quiz not verified by Sporcle

Score 0/297 Timer 10:00
0 Plays Today
% Correct
a
100%
a
100%
a
100%
a
100%
a
100%
a
100%
a
100%
a
100%
a
100%
The
97.5%
the
97.5%
you
97.5%
you
97.5%
the
97.5%
the
97.5%
you
97.5%
you
97.5%
you
97.5%
you
97.5%
the
97.5%
the
97.5%
you
97.5%
you
97.5%
the
97.5%
you
97.5%
You
97.5%
you
97.5%
You
97.5%
the
97.5%
the
97.5%
the
97.5%
the
97.5%
You
97.5%
the
97.5%
You
97.5%
the
97.5%
the
97.5%
the
97.5%
is
95%
it
95%
it,
95%
it
95%
it,
95%
it
95%
it
95%
it
95%
it
95%
is
95%
it
95%
it?
95%
It
95%
it
95%
to
92.5%
to
92.5%
to
92.5%
in
92.5%
to
92.5%
to
92.5%
love
90%
love
90%
and
90%
love
90%
And
90%
no
90%
and
90%
and
90%
love
90%
love
90%
And
90%
no
90%
and
90%
love
90%
And
90%
love
90%
love
90%
and
90%
no
90%
and
90%
love
90%
love
90%
love
90%
love
90%
love
90%
of
87.5%
of
87.5%
of
87.5%
of
87.5%
of
87.5%
be
87.5%
be
87.5%
of
87.5%
of
87.5%
of
87.5%
of
87.5%
of
87.5%
of
87.5%
of
87.5%
of
87.5%
power
85%
% Correct
power
85%
Power
85%
your
85%
power
85%
power
85%
power
85%
your
85%
power
85%
power,
85%
power
85%
power,
85%
power
85%
power
85%
power
85%
power
85%
power
85%
that
82.5%
It's
82.5%
it's
82.5%
it's
82.5%
It's
82.5%
it's
82.5%
that
82.5%
thing
80%
this
80%
this
80%
can
80%
They
80%
do
80%
Can
80%
this
80%
one
77.5%
man
77.5%
man
77.5%
one
77.5%
one
77.5%
don't
77.5%
don't
77.5%
Don't
77.5%
But
77.5%
feel
77.5%
feel
77.5%
But
77.5%
when
77.5%
don't
77.5%
don't
77.5%
Don't
77.5%
but
77.5%
but
77.5%
don't
77.5%
But
77.5%
When
77.5%
feel
77.5%
feel
77.5%
feel
77.5%
don't
77.5%
don't
77.5%
Don't
77.5%
feel
77.5%
feel
77.5%
feel
77.5%
feel
77.5%
feel
77.5%
feel
77.5%
Feel
77.5%
Make
75%
make
75%
Make
75%
make
75%
make
75%
make
75%
go
75%
what
75%
that's
72.5%
That's
72.5%
That's
72.5%
That's
72.5%
That's
72.5%
that's
72.5%
curious
70%
another
70%
need
70%
need
70%
need
70%
from
70%
need
70%
sing
67.5%
at
67.5%
just
67.5%
just
67.5%
all
67.5%
Yeah,
67.5%
just
67.5%
money,
65%
take
65%
take
65%
money,
65%
take
65%
say
65%
% Correct
know
65%
take
65%
money
65%
take
65%
than
62.5%
than
62.5%
like
62.5%
than
62.5%
credit
62.5%
card
62.5%
you'll
62.5%
credit
62.5%
card
62.5%
you'll
62.5%
You'll
62.5%
You'll
62.5%
credit
62.5%
card
62.5%
than
62.5%
than
62.5%
life
60%
life
60%
weep,
57.5%
good,
57.5%
ride
57.5%
train
57.5%
you've
57.5%
world
57.5%
ride
57.5%
train
57.5%
ride
57.5%
train
57.5%
night
55%
fame
55%
makes
55%
fame
55%
with
55%
fame
55%
More
52.5%
feeling
52.5%
bad
52.5%
bad
52.5%
might
52.5%
might
52.5%
might
52.5%
might
52.5%
won't
52.5%
little
50%
right
50%
time
50%
time
50%
fair
50%
care
50%
little
50%
keeps
47.5%
round
47.5%
gets
47.5%
white
45%
home
45%
sometimes
45%
baby
45%
sometimes
45%
dove
42.5%
girl's
42.5%
strong
42.5%
cruel
42.5%
Next
42.5%
strong
42.5%
cruel
42.5%
Change
40%
dream
40%
wrong
40%
save
40%
mad
40%
save
40%
hold
40%
above
40%
nothin'
40%
harder
37.5%
First
37.5%
sad
37.5%
diamonds,
35%
Stronger
35%
help
35%
diamonds
35%
stronger
35%
cream
32.5%
till
30%
found
27.5%
Tougher
25%
Tougher
25%
steel,
25%
hawk
22.5%
rich
20%
glad
20%
sudden
15%
sudden
15%
Hmmm
12.5%
Movie Title: Back to the Future
8%

You're not logged in!

Compare scores with friends on all Sporcle quizzes.
OR
Log In

You Might Also Like...

Show Comments

Extras

Top Quizzes Today


Score Distribution

Your Account Isn't Verified!

In order to create a playlist on Sporcle, you need to verify the email address you used during registration. Go to your Sporcle Settings to finish the process.

Report this User

Report this user for behavior that violates our Community Guidelines.

Details: